[Event "Superfinal 65th RUS-ch"]
[Site "Moscow"]
[Date "2012.08.07"]
[Round "5"]
[White "Andreikin, Dmitry"]
[Black "Svidler, Peter"]
[Result "1/2-1/2"]
[WhiteElo "2715"]
[BlackElo "2749"]
[PlyCount "39"]
[EventDate "2012.??.??"]
[EventCountry "RUS"]

1. Nf3 Nf6 2. d4 g6 3. c4 Bg7 4. g3 c5 5. d5 b5 6. cxb5 a6 7. bxa6 O-O 8. Bg2
d6 9. O-O Nbd7 10. Nc3 Nb6 11. Re1 Bxa6 12. Nd2 Bb7 13. Nf1 Nfd7 14. Ne3 Ra6
15. Qd2 Qa8 16. b3 Bd4 17. Nc2 Bg7 18. Ne3 Bd4 19. Nc2 Bg7 20. Ne3 1/2-1/2

[Event "Superfinal 65th RUS-ch"]
[Site "Moscow"]
[Date "2012.08.07"]
[Round "5"]
[White "Grischuk, Alexander"]
[Black "Jakovenko, Dmitry"]
[Result "1/2-1/2"]
[WhiteElo "2763"]
[BlackElo "2722"]
[PlyCount "173"]
[EventDate "2012.??.??"]
[EventCountry "RUS"]

1. e4 e5 2. Nf3 Nc6 3. Bb5 Nf6 4. O-O Nxe4 5. d4 Nd6 6. Bxc6 dxc6 7. dxe5 Nf5
8. Qxd8+ Kxd8 9. Nc3 Ke8 10. h3 h5 11. Ne2 b6 12. Rd1 Bb7 13. Ned4 Nxd4 14.
Nxd4 Be7 15. Bf4 Rd8 16. Nf5 Rxd1+ 17. Rxd1 Bc8 18. Nxe7 Kxe7 19. Bg5+ Ke6 20.
Bd8 Kxe5 21. Bxc7+ Kf5 22. Bb8 a6 23. Ba7 b5 24. Rd6 Rh6 25. Rd8 Be6 26. b3 Bd5
27. f3 a5 28. Bd4 Re6 29. Kf2 Kg6 30. g4 hxg4 31. hxg4 Re7 32. Bc5 Rb7 33. f4
a4 34. f5+ Kh7 35. Ke3 axb3 36. cxb3 b4 37. Ra8 Rb5 38. Bd6 Bg2 39. Ra7 Kg8 40.
Ra8+ Kh7 41. Ra7 Kg8 42. Kf4 f6 43. Ra8+ Kh7 44. Ra7 Kg8 45. Ra8+ Kh7 46. Bf8
g6 47. fxg6+ Kxg6 48. Ra4 Rd5 49. Kg3 Be4 50. Rxb4 Rd3+ 51. Kf2 Bd5 52. Rb7 Kg5
53. Ke2 Rh3 54. Rg7+ Kf4 55. Bd6+ Ke4 56. Bc7 c5 57. Kd2 Rf3 58. Bb6 Rf2+ 59.
Kc3 Rxa2 60. Bxc5 Rg2 61. Re7+ Kf4 62. b4 Rxg4 63. b5 Kg5 64. Bd4 Rg3+ 65. Be3+
Kg6 66. b6 Bh1 67. Kc4 Rh3 68. Bd4 Rh7 69. Re1 Bb7 70. Kc5 f5 71. Be5 Rd7 72.
Bd6 Be4 73. Bc7 Rd2 74. Re3 Rb2 75. Be5 Rb1 76. Bc3 Rc1 77. Kb5 Rd1 78. Bb4 Rd7
79. Bc3 Rd5+ 80. Kc4 Rd7 81. Be5 Re7 82. Bf4 Kf6 83. Kb5 Rd7 84. Bc7 Rd1 85.
Ra3 Rb1+ 86. Ka6 Ke6 87. Bf4 1/2-1/2

[Event "Laznicka - Shirov, match"]
[Site "Novy Bor"]
[Date "2012.08.07"]
[Round "5"]
[White "Shirov, Alexei"]
[Black "Laznicka, Viktor"]
[Result "1-0"]
[WhiteElo "2706"]
[BlackElo "2683"]
[PlyCount "73"]
[EventDate "2012.??.??"]
[EventCountry "CZE"]

1. e4 c6 2. d4 d5 3. e5 Bf5 4. Nf3 e6 5. Be2 c5 6. Be3 cxd4 7. Nxd4 Ne7 8. O-O
Nbc6 9. Bb5 a6 10. Bxc6+ Nxc6 11. Nxf5 exf5 12. c3 Be7 13. Nd2 Nxe5 14. Bd4 f6
15. Re1 Nc6 16. Nf1 f4 17. Qg4 O-O 18. Qxf4 Bd6 19. Qf3 Qa5 20. Ne3 Nxd4 21.
cxd4 Rad8 22. g3 Rfe8 23. a3 Bf8 24. Ng2 Rxe1+ 25. Rxe1 Qd2 26. b4 Qxd4 27. Nf4
Qc4 28. Rd1 d4 29. Qxb7 d3 30. Ng2 Qb3 31. Ne3 Qxa3 32. Qc7 Rd4 33. Nf5 Re4 34.
Kg2 Qb3 35. Qd7 Qxd1 36. Qd5+ Kh8 37. Qf7 1-0

[Event "Laznicka - Shirov, match"]
[Site "Novy Bor"]
[Date "2012.08.08"]
[Round "6"]
[White "Laznicka, Viktor"]
[Black "Shirov, Alexei"]
[Result "1/2-1/2"]
[WhiteElo "2683"]
[BlackElo "2706"]
[PlyCount "77"]
[EventDate "2012.??.??"]
[EventCountry "CZE"]

1. d4 d5 2. c4 c6 3. Nc3 Nf6 4. e3 e6 5. Nf3 Nbd7 6. Qc2 Bd6 7. Be2 O-O 8. O-O
dxc4 9. Bxc4 b5 10. Bd3 Bb7 11. Rd1 Qb8 12. e4 e5 13. dxe5 Nxe5 14. Nxe5 Bxe5
15. h3 a6 16. a4 c5 17. axb5 axb5 18. Rxa8 Bxa8 19. Nxb5 Bxe4 20. Bxe4 Qxb5 21.
Bd3 Qb6 22. Bc4 Re8 23. Re1 Bh2+ 24. Kf1 Rxe1+ 25. Kxe1 Be5 26. Qb3 Qc7 27. Be3
g6 28. Qb5 Kg7 29. b3 Bc3+ 30. Ke2 Bb4 31. Qa6 Ne4 32. Qa8 Qe5 33. g4 h5 34.
Qb7 Nd6 35. Qd5 Nxc4 36. bxc4 Qxd5 37. cxd5 hxg4 38. hxg4 c4 39. Bd4+ 1/2-1/2

[Event "Superfinal 65th RUS-ch"]
[Site "Moscow"]
[Date "2012.08.09"]
[Round "6"]
[White "Andreikin, Dmitry"]
[Black "Sjugirov, Sanan"]
[Result "1-0"]
[WhiteElo "2715"]
[BlackElo "2625"]
[PlyCount "45"]
[EventDate "2012.??.??"]
[EventCountry "RUS"]

1. e4 c6 2. d4 d5 3. Nd2 dxe4 4. Nxe4 Nd7 5. Bc4 Ngf6 6. Ng5 e6 7. Qe2 Nb6 8.
Bd3 h6 9. N5f3 c5 10. dxc5 Bxc5 11. Ne5 O-O 12. Ngf3 a6 13. g4 Nbd5 14. Rg1
Bb4+ 15. Kf1 Be7 16. g5 hxg5 17. Nxg5 Bd6 18. Nh7 Qc7 19. Bh6 Ne8 20. Bxg7 Nxg7
21. Rxg7+ Kxg7 22. Qg4+ Kh8 23. Nf6 1-0

[Event "Superfinal 65th RUS-ch"]
[Site "Moscow"]
[Date "2012.08.09"]
[Round "6"]
[White "Vitiugov, Nikita"]
[Black "Dubov, Daniil"]
[Result "1-0"]
[WhiteElo "2705"]
[BlackElo "2594"]
[PlyCount "95"]
[EventDate "2012.??.??"]
[EventCountry "RUS"]

1. d4 d5 2. c4 c6 3. Nf3 Nf6 4. Nc3 dxc4 5. a4 e6 6. e3 c5 7. Bxc4 Nc6 8. O-O
cxd4 9. exd4 Be7 10. Qe2 O-O 11. Rd1 Nb4 12. Ne5 Bd7 13. a5 a6 14. Bf4 Nfd5 15.
Bg3 Rc8 16. Qf3 Bc6 17. Bb3 Be8 18. h3 Bc6 19. Nxc6 Rxc6 20. Be5 b5 21. axb6
Rxb6 22. Rdc1 Nxc3 23. bxc3 Nc6 24. Bf4 Bd6 25. Bd2 e5 26. Ba4 Na5 27. Be3 Nc4
28. dxe5 Nxe5 29. Qe4 Rb2 30. Bc2 Ng6 31. Rxa6 Bb8 32. Ba4 h5 33. Rc6 Ne5 34.
Rc5 Nd3 35. Rxh5 g6 36. Bd4 gxh5 37. Qxd3 Qd6 38. Bc2 Qh2+ 39. Kf1 Qh1+ 40. Ke2
Rxc2+ 41. Qxc2 Qxg2 42. Qf5 f6 43. Ra1 Rf7 44. Ra6 Re7+ 45. Re6 Bd6 46. Qxf6 h4
47. Kd2 Bf4+ 48. Kc2 1-0

[Event "Superfinal 65th RUS-ch"]
[Site "Moscow"]
[Date "2012.08.09"]
[Round "6"]
[White "Svidler, Peter"]
[Black "Potkin, Vladimir"]
[Result "1/2-1/2"]
[WhiteElo "2749"]
[BlackElo "2651"]
[PlyCount "66"]
[EventDate "2012.??.??"]
[EventCountry "RUS"]

1. e4 e6 2. d4 d5 3. Nc3 Nf6 4. e5 Nfd7 5. f4 c5 6. Nf3 Nc6 7. Be3 a6 8. a3
cxd4 9. Nxd4 Bc5 10. Qd2 O-O 11. g3 Bxd4 12. Bxd4 b5 13. Bf2 Bb7 14. Bg2 Qc7
15. O-O Rfc8 16. Rfe1 Ne7 17. Rac1 Nb6 18. Bxb6 Qxb6+ 19. Qf2 Qc7 20. Ne2 a5
21. Nd4 b4 22. g4 Qb6 23. f5 Nc6 24. Nf3 Qxf2+ 25. Kxf2 bxa3 26. bxa3 Ba6 27.
Rb1 Rab8 28. Rxb8 Nxb8 29. Nd4 Nc6 30. Nf3 Ne7 31. Nd4 Nc6 32. Nf3 Ne7 33. Nd4
Nc6 1/2-1/2

[Event "Superfinal 65th RUS-ch"]
[Site "Moscow"]
[Date "2012.08.10"]
[Round "7"]
[White "Grischuk, Alexander"]
[Black "Andreikin, Dmitry"]
[Result "1-0"]
[WhiteElo "2763"]
[BlackElo "2715"]
[PlyCount "81"]
[EventDate "2012.??.??"]
[EventCountry "RUS"]
[TimeControl "40/5400+30:1800+30"]

1. e4 c5 2. Nf3 e6 3. d4 cxd4 4. Nxd4 Nf6 5. Nc3 Nc6 6. Nxc6 bxc6 7. e5 Nd5 8.
Ne4 Qc7 9. f4 Qa5+ 10. c3 Be7 11. Bd3 f5 12. exf6 Nxf6 13. Nxf6+ Bxf6 14. O-O
Ba6 15. Bxa6 Qxa6 16. Be3 Qb5 17. Rf2 d5 18. Qg4 Kf7 19. f5 e5 20. Qh5+ Ke7 21.
b4 Rhf8 22. Qxh7 e4 23. Bc5+ Kd7 24. Bd4 Rh8 25. Qg6 Rae8 26. Bxf6 gxf6 27.
Qg7+ Kc8 28. Qxf6 e3 29. Rf3 Qe2 30. Qxc6+ Kb8 31. Qd6+ Kc8 32. Qc6+ Kb8 33.
Qd6+ Kc8 34. Qxd5 Rhg8 35. Rf4 Kb8 36. f6 Rd8 37. f7 Rgf8 38. Qe5+ Kb7 39. Rff1
Rd7 40. Rae1 Qxa2 41. Qb5+ 1-0

[Event "Superfinal 65th RUS-ch"]
[Site "Moscow"]
[Date "2012.08.10"]
[Round "7"]
[White "Karjakin, Sergey"]
[Black "Alekseev, Evgeny"]
[Result "1-0"]
[WhiteElo "2785"]
[BlackElo "2677"]
[PlyCount "143"]
[EventDate "2012.??.??"]
[EventCountry "RUS"]
[TimeControl "40/5400+30:1800+30"]

1. d4 Nf6 2. c4 e6 3. Nc3 Bb4 4. Qc2 O-O 5. a3 Bxc3+ 6. Qxc3 d6 7. Nf3 Re8 8.
g3 Qe7 9. b4 e5 10. dxe5 dxe5 11. Bb2 Nc6 12. Bg2 Nd4 13. Nxd4 exd4 14. Qd2 Bg4
15. f3 Be6 16. Bxd4 Bxc4 17. e4 Nd7 18. Qc3 b5 19. Bxg7 f5 20. Bh6 fxe4 21.
O-O-O a5 22. bxa5 Nc5 23. Bf1 Nb3+ 24. Kb1 Nxa5 25. Bc1 Qe5 26. Qxe5 Rxe5 27.
fxe4 Bxf1 28. Rhxf1 Nc4 29. Rd7 Rxe4 30. Rff7 Nxa3+ 31. Bxa3 Rxa3 32. Rg7+ Kh8
33. Rxh7+ Kg8 34. Rdg7+ Kf8 35. Rxc7 Rb4+ 36. Kc2 Rc4+ 37. Kb2 Rxc7 38. Rxc7 b4
39. Kb1 Rb3+ 40. Kc1 Ra3 41. Rc2 Kg7 42. Rb2 Rf3 43. Kb1 b3 44. Re2 Kg6 45. Kb2
Kg5 46. Ka3 Kg4 47. Re4+ Kf5 48. Rb4 Rf2 49. h4 Rg2 50. Rb5+ Ke4 51. Rxb3 Rc2
52. Rb4+ Ke5 53. Kb3 Rf2 54. Rb5+ Kf6 55. Kc4 Rg2 56. Rg5 Rd2 57. Rg8 Kf7 58.
Rg4 Kf6 59. h5 Rh2 60. Rg6+ Kf7 61. g4 Rd2 62. Rg5 Rd1 63. Rd5 Rg1 64. Rf5+ Kg7
65. Rg5+ Kh6 66. Rg6+ Kh7 67. Kd5 Re1 68. g5 Ra1 69. Rc6 Rg1 70. Rc7+ Kg8 71.
g6 Rg5+ 72. Ke4 1-0

[Event "Superfinal 65th RUS-ch"]
[Site "Moscow"]
[Date "2012.08.10"]
[Round "7"]
[White "Potkin, Vladimir"]
[Black "Vitiugov, Nikita"]
[Result "1-0"]
[WhiteElo "2651"]
[BlackElo "2705"]
[PlyCount "145"]
[EventDate "2012.??.??"]
[EventCountry "RUS"]
[TimeControl "40/5400+30:1800+30"]

1. e4 c5 2. Nf3 e6 3. d4 cxd4 4. Nxd4 a6 5. Bd3 Bc5 6. Nb3 Ba7 7. O-O Nc6 8.
Qe2 d6 9. Be3 Nf6 10. Bxa7 Rxa7 11. c4 e5 12. Nc3 Be6 13. Nd5 Nd7 14. Qe3 b6
15. Rfd1 O-O 16. Be2 Rb7 17. Rd2 Nc5 18. h3 Qb8 19. Rad1 Nxb3 20. axb3 Nd4 21.
Nb4 a5 22. Nc2 Nxc2 23. Rxc2 Rd8 24. Rcd2 Rbd7 25. Bg4 Qc7 26. Rd3 h6 27. Qe2
Kh7 28. Bf5+ g6 29. Bxe6 fxe6 30. Qg4 Re8 31. Rf3 Rg7 32. Rfd3 Rd7 33. Rf3 Rg7
34. Qh4 Qd8 35. Qg3 Qe7 36. Rfd3 Rd8 37. f4 exf4 38. Qxf4 Rf7 39. Qe3 Qc7 40.
e5 d5 41. cxd5 exd5 42. Rxd5 Rxd5 43. Rxd5 Re7 44. Qd4 h5 45. Qd2 Qc6 46. Kh1
Qe6 47. Qd3 Qc6 48. Kh2 Qe6 49. Qe4 Kg7 50. Qc4 Kh7 51. Kh1 Kg7 52. Qh4 Rf7 53.
Qe4 Re7 54. Rb5 Rc7 55. Kh2 Kh7 56. Qd4 Rb7 57. Qf4 Rc7 58. Qe4 Kg7 59. Qd4 Rb7
60. Qc4 Re7 61. Qxe6 Rxe6 62. Kg3 Rc6 63. Kf4 Kf7 64. Kg5 Ke7 65. g4 hxg4 66.
hxg4 Kf7 67. Rd5 Ke7 68. Rd6 Rc5 69. Rxb6 Rxe5+ 70. Kxg6 Re2 71. g5 Rxb2 72.
Rb5 Kf8 73. Rf5+ 1-0

[Event "Superfinal 65th RUS-ch"]
[Site "Moscow"]
[Date "2012.08.10"]
[Round "7"]
[White "Dubov, Daniil"]
[Black "Jakovenko, Dmitry"]
[Result "1/2-1/2"]
[WhiteElo "2594"]
[BlackElo "2722"]
[PlyCount "104"]
[EventDate "2012.??.??"]
[EventCountry "RUS"]
[TimeControl "40/5400+30:1800+30"]

1. c4 c6 2. e4 d5 3. exd5 cxd5 4. d4 Nf6 5. Nc3 Nc6 6. Bg5 e6 7. Nf3 Be7 8. c5
O-O 9. Bb5 Ne4 10. Bxe7 Nxe7 11. Rc1 b6 12. O-O bxc5 13. dxc5 Rb8 14. Qa4 a6
15. Bd3 Nxc5 16. Bxh7+ Kxh7 17. Qh4+ Kg8 18. Ng5 Re8 19. Qh7+ Kf8 20. Qh8+ Ng8
21. Nh7+ Ke7 22. Qxg7 Qd6 23. Rfd1 Bb7 24. Qg5+ f6 25. Nxf6 Nxf6 26. Qg7+ Kd8
27. Qxf6+ Qe7 28. Qd4 Rc8 29. Qb4 Rh8 30. Ne2 Qh4 31. Qb6+ Kd7 32. Rxc5 Qxh2+
33. Kf1 Rxc5 34. Qxc5 Qh1+ 35. Ng1 Rh2 36. Ke2 Rxg2 37. Nf3 Qh8 38. Rd4 Qc8 39.
Ne5+ Ke8 40. Qxc8+ Bxc8 41. Rg4 Rxg4 42. Nxg4 Kd7 43. Kd3 Kc6 44. Kd4 Kb5 45.
Ne5 a5 46. Nd3 Bd7 47. Nc5 Bc8 48. f4 Kb6 49. b3 Kb5 50. a3 Kb6 51. b4 axb4 52.
axb4 Kc6 1/2-1/2

[Event "Superfinal 65th RUS-ch"]
[Site "Moscow"]
[Date "2012.08.10"]
[Round "7"]
[White "Sjugirov, Sanan"]
[Black "Svidler, Peter"]
[Result "1/2-1/2"]
[WhiteElo "2625"]
[BlackElo "2749"]
[PlyCount "70"]
[EventDate "2012.??.??"]
[EventCountry "RUS"]
[TimeControl "40/5400+30:1800+30"]

1. d4 Nf6 2. c4 g6 3. Nc3 Bg7 4. e4 d6 5. Be2 O-O 6. Nf3 e5 7. Be3 exd4 8. Nxd4
Re8 9. f3 c6 10. Bf2 d5 11. exd5 cxd5 12. c5 Nc6 13. O-O Bf8 14. Kh1 Bd7 15. a3
Nh5 16. Qd2 Nxd4 17. Bxd4 Qh4 18. Bf2 Qf4 19. Rfd1 Bc6 20. Bf1 Rad8 21. Nb5 a6
22. Nd4 Bd7 23. Qxf4 Nxf4 24. g3 Nh3 25. Bxh3 Bxh3 26. b4 h5 27. Re1 Rxe1+ 28.
Rxe1 a5 29. Nb3 axb4 30. axb4 Ra8 31. Na5 Bg7 32. Rd1 Re8 33. Re1 Ra8 34. Rd1
Re8 35. Re1 Ra8 1/2-1/2

[Event "Superfinal 65th RUS-ch"]
[Site "Moscow"]
[Date "2012.08.11"]
[Round "8"]
[White "Andreikin, Dmitry"]
[Black "Karjakin, Sergey"]
[Result "1/2-1/2"]
[WhiteElo "2715"]
[BlackElo "2785"]
[PlyCount "43"]
[EventDate "2012.??.??"]
[EventCountry "RUS"]
[TimeControl "40/5400+30:1800+30"]

1. e4 e5 2. Nf3 Nc6 3. Bb5 a6 4. Bxc6 dxc6 5. O-O Qf6 6. d4 exd4 7. Bg5 Qd6 8.
Qxd4 Qxd4 9. Nxd4 Bd7 10. Nc3 f6 11. Be3 O-O-O 12. Rad1 Re8 13. Rd2 Ne7 14.
Rfd1 Ng6 15. Nde2 Ne5 16. h3 Bb4 17. b3 Be6 18. Ra1 Ba3 19. Rf1 Bb4 20. Ra1 Ba3
21. Rf1 Bb4 22. Ra1 1/2-1/2

[Event "Superfinal 65th RUS-ch"]
[Site "Moscow"]
[Date "2012.08.11"]
[Round "8"]
[White "Sjugirov, Sanan"]
[Black "Grischuk, Alexander"]
[Result "1/2-1/2"]
[WhiteElo "2625"]
[BlackElo "2763"]
[PlyCount "80"]
[EventDate "2012.??.??"]
[EventCountry "RUS"]
[TimeControl "40/5400+30:1800+30"]

1. d4 Nf6 2. c4 g6 3. Nc3 Bg7 4. e4 d6 5. Be2 O-O 6. Nf3 e5 7. Be3 exd4 8. Nxd4
Re8 9. f3 c6 10. Bf2 d5 11. exd5 cxd5 12. c5 Nbd7 13. c6 Ne5 14. cxb7 Bxb7 15.
O-O Nc4 16. Bxc4 dxc4 17. Ndb5 Nd5 18. Nxd5 Bxd5 19. Bd4 Bh6 20. Re1 Qg5 21.
Rxe8+ Rxe8 22. Nxa7 Ba8 23. Bf2 Bg7 24. Qc1 h6 25. Qxg5 hxg5 26. Rc1 Bd5 27. b3
cxb3 28. axb3 Bxb3 29. Rc8 Rxc8 30. Nxc8 Be6 31. Ne7+ Kf8 32. Nc6 g4 33. f4 Ke8
34. Bd4 Bd7 35. Bxg7 Bxc6 36. Bc3 Ba8 37. Bg7 Bc6 38. Bc3 Ba8 39. Bg7 Bc6 40.
Bc3 Ba8 1/2-1/2

[Event "Superfinal 65th RUS-ch"]
[Site "Moscow"]
[Date "2012.08.11"]
[Round "8"]
[White "Svidler, Peter"]
[Black "Vitiugov, Nikita"]
[Result "1/2-1/2"]
[WhiteElo "2749"]
[BlackElo "2705"]
[PlyCount "59"]
[EventDate "2012.??.??"]
[EventCountry "RUS"]
[TimeControl "40/5400+30:1800+30"]

1. e4 e6 2. d4 d5 3. e5 c5 4. c3 Qb6 5. Nf3 Nc6 6. a3 Nge7 7. dxc5 Qc7 8. Bb5
Bd7 9. Qe2 f6 10. exf6 gxf6 11. Nbd2 O-O-O 12. c4 Rg8 13. g3 e5 14. cxd5 Nxd5
15. Nb3 Bg4 16. Qc2 Nf4 17. Nbd2 Rxd2 18. Nxd2 Nd4 19. Qa4 Bxc5 20. gxf4 exf4
21. Ne4 Nf3+ 22. Kf1 Bh3+ 23. Ke2 Nd4+ 24. Ke1 Bg2 25. Qc4 Rd8 26. Nxc5 Nf3+
27. Ke2 Nd4+ 28. Ke1 Nf3+ 29. Ke2 Nd4+ 30. Ke1 1/2-1/2

[Event "Superfinal 65th RUS-ch"]
[Site "Moscow"]
[Date "2012.08.11"]
[Round "8"]
[White "Jakovenko, Dmitry"]
[Black "Potkin, Vladimir"]
[Result "1/2-1/2"]
[WhiteElo "2722"]
[BlackElo "2651"]
[PlyCount "86"]
[EventDate "2012.??.??"]
[EventCountry "RUS"]
[TimeControl "40/5400+30:1800+30"]

1. d4 Nf6 2. c4 e6 3. Nf3 Bb4+ 4. Bd2 a5 5. Nc3 b6 6. e3 Bb7 7. Bd3 d5 8. O-O
O-O 9. a3 Be7 10. cxd5 exd5 11. Ne5 c5 12. Bb5 Qc7 13. f4 Nc6 14. Rc1 Na7 15.
Be2 Nc8 16. Be1 Nd6 17. Bh4 Nde4 18. Bxf6 Nxf6 19. Bd3 Ba6 20. Bxa6 Rxa6 21.
Qb3 Qb7 22. Qb5 Rc8 23. Na4 c4 24. Rc2 Ne4 25. Nc3 Nxc3 26. bxc3 f6 27. Nf3
Bxa3 28. Ra1 Bf8 29. Rb2 Rb8 30. e4 dxe4 31. Nd2 a4 32. Qxc4+ Kh8 33. Rxa4 Rxa4
34. Qxa4 b5 35. Qc2 f5 36. Nf1 Qc7 37. Qd2 g6 38. Ng3 Qc4 39. Ne2 Ba3 40. Rb1
Bd6 41. Ra1 b4 42. cxb4 Bxb4 43. Qa2 Qxa2 1/2-1/2

[Event "Superfinal 65th RUS-ch"]
[Site "Moscow"]
[Date "2012.08.11"]
[Round "8"]
[White "Alekseev, Evgeny"]
[Black "Dubov, Daniil"]
[Result "1/2-1/2"]
[WhiteElo "2673"]
[BlackElo "2594"]
[PlyCount "81"]
[EventDate "2012.??.??"]
[EventCountry "RUS"]
[TimeControl "40/5400+30:1800+30"]

1. e4 c5 2. Nf3 d6 3. d4 cxd4 4. Nxd4 Nf6 5. Nc3 Nc6 6. Bg5 Bd7 7. Qd2 h6 8.
Bxf6 gxf6 9. f4 Nxd4 10. Qxd4 Qa5 11. O-O-O Rc8 12. f5 Qc5 13. Qd3 h5 14. Kb1
Bh6 15. g3 h4 16. Nd5 Bg5 17. Be2 Kf8 18. c3 Ba4 19. Rdf1 a6 20. Qf3 Bc6 21.
Rd1 Bxd5 22. exd5 hxg3 23. hxg3 Kg7 24. Qe4 Rxh1 25. Rxh1 Qf2 26. g4 Rc7 27.
Qf3 Qxf3 28. Bxf3 Bf4 29. Kc2 Be5 30. a3 Rc8 31. Be2 Bf4 32. b4 Ra8 33. Kb3 a5
34. a4 Be3 35. Bb5 Bb6 36. Re1 Kf8 37. Re4 Rc8 38. Rc4 Rd8 39. Re4 Rc8 40. Re1
Rc7 41. Re4 1/2-1/2

[Event "Superfinal 65th RUS-ch"]
[Site "Moscow"]
[Date "2012.08.12"]
[Round "9"]
[White "Grischuk, Alexander"]
[Black "Svidler, Peter"]
[Result "0-1"]
[WhiteElo "2763"]
[BlackElo "2749"]
[PlyCount "100"]
[EventDate "2012.??.??"]
[EventCountry "RUS"]
[TimeControl "40/5400+30:1800+30"]

1. e4 e5 2. Nf3 Nc6 3. Bb5 a6 4. Ba4 Nf6 5. O-O Be7 6. d3 d6 7. c3 O-O 8. Re1
b5 9. Bc2 d5 10. Nbd2 dxe4 11. dxe4 Be6 12. Qe2 Qc8 13. a4 Qb7 14. Bd3 Rab8 15.
b4 Bd6 16. Ra3 Rfd8 17. Nb3 Nxb4 18. cxb4 Bxb4 19. Nbd2 c5 20. axb5 axb5 21.
Ra1 c4 22. Bc2 Qc7 23. Rd1 Bc5 24. Ra6 Qc8 25. Ra5 Ng4 26. Rf1 c3 27. Nb3 Bc4
28. Qe1 Bb6 29. h3 Bxf1 30. Kxf1 Bxa5 31. hxg4 Qc4+ 32. Kg1 Bc7 33. Bg5 Rd7 34.
Be3 Bd6 35. Qa1 Qc6 36. g5 Ra8 37. Qb1 b4 38. g3 Rdd8 39. Kg2 Qa6 40. Qh1 Qa2
41. Ne1 Ra3 42. Nc1 Qe6 43. f4 exf4 44. e5 fxe3 45. Qxh7+ Kf8 46. exd6 Rxd6 47.
Ned3 b3 48. Nf4 Rd2+ 49. Kh1 Qc6+ 50. Be4 Ra1 0-1

[Event "Superfinal 65th RUS-ch"]
[Site "Moscow"]
[Date "2012.08.12"]
[Round "9"]
[White "Vitiugov, Nikita"]
[Black "Jakovenko, Dmitry"]
[Result "1/2-1/2"]
[WhiteElo "2705"]
[BlackElo "2722"]
[PlyCount "59"]
[EventDate "2012.??.??"]
[EventCountry "RUS"]
[TimeControl "40/5400+30:1800+30"]

1. d4 d5 2. c4 c6 3. Nf3 Nf6 4. Nc3 dxc4 5. a4 e6 6. e4 Bb4 7. e5 Nd5 8. Bd2 b5
9. axb5 Bxc3 10. bxc3 cxb5 11. Ng5 Nc6 12. Qh5 Qe7 13. Be2 b4 14. O-O bxc3 15.
Bc1 Nxd4 16. Bxc4 h6 17. Ne4 O-O 18. Ba3 Qc7 19. Bxf8 Nf4 20. Qg4 Kxf8 21. Nd6
g5 22. g3 Bb7 23. Nxb7 h5 24. Qd1 Qxb7 25. gxf4 Nf3+ 26. Kh1 Nd2+ 27. Kg1 Nf3+
28. Kh1 Nd2+ 29. Kg1 Nf3+ 30. Kh1 1/2-1/2

[Event "Superfinal 65th RUS-ch"]
[Site "Moscow"]
[Date "2012.08.12"]
[Round "9"]
[White "Dubov, Daniil"]
[Black "Andreikin, Dmitry"]
[Result "1/2-1/2"]
[WhiteElo "2594"]
[BlackElo "2715"]
[PlyCount "63"]
[EventDate "2012.??.??"]
[EventCountry "RUS"]
[TimeControl "40/5400+30:1800+30"]

1. d4 Nf6 2. c4 e6 3. Nc3 Bb4 4. e3 O-O 5. Nge2 c6 6. a3 Ba5 7. Ng3 d5 8. cxd5
exd5 9. Bd3 Re8 10. O-O Nbd7 11. Bd2 Bc7 12. Qc2 Nf8 13. f3 h5 14. Rf2 h4 15.
Nge2 Ne6 16. Rd1 a6 17. Bc1 Qd6 18. g3 c5 19. dxc5 Nxc5 20. Nf4 hxg3 21. hxg3
Re5 22. Bc4 Be6 23. e4 Rg5 24. Nfe2 Rxg3+ 25. Nxg3 Qxg3+ 26. Rg2 Qxf3 27. Rf2
Qg3+ 28. Rg2 Qf3 29. Rf2 Qg3+ 30. Rg2 Qf3 31. Rf2 Qg3+ 32. Rg2 1/2-1/2

[Event "Superfinal 65th RUS-ch"]
[Site "Moscow"]
[Date "2012.08.12"]
[Round "9"]
[White "Potkin, Vladimir"]
[Black "Alekseev, Evgeny"]
[Result "1/2-1/2"]
[WhiteElo "2651"]
[BlackElo "2673"]
[PlyCount "93"]
[EventDate "2012.??.??"]
[EventCountry "RUS"]
[TimeControl "40/5400+30:1800+30"]

1. d4 Nf6 2. c4 e6 3. Nc3 Bb4 4. e3 O-O 5. Bd3 d5 6. Nf3 c5 7. O-O cxd4 8. exd4
dxc4 9. Bxc4 b6 10. Bg5 Bb7 11. Rc1 Nc6 12. a3 Bxc3 13. Rxc3 Rc8 14. Qd3 Ne7
15. Bxf6 gxf6 16. Ba6 Rxc3 17. bxc3 Ba8 18. c4 Bxf3 19. Qxf3 Qxd4 20. Rd1 Qb2
21. h4 f5 22. h5 Kh8 23. Qf4 Ng8 24. Qd6 Qg7 25. c5 bxc5 26. Qxc5 Nf6 27. Be2
Rg8 28. Qc6 e5 29. Rd3 Ne4 30. Bf1 Ng5 31. h6 Qg6 32. Qxg6 hxg6 33. Rd7 Rc8 34.
Rxa7 Kh7 35. a4 Kxh6 36. a5 Rc1 37. a6 Ra1 38. Rd7 e4 39. a7 f4 40. Kh2 e3 41.
fxe3 fxe3 42. Re7 f5 43. Be2 Ne4 44. Bf3 Kg5 45. Bxe4 fxe4 46. Rxe4 Rxa7 47.
Rxe3 1/2-1/2

[Event "Superfinal 65th RUS-ch"]
[Site "Moscow"]
[Date "2012.08.12"]
[Round "9"]
[White "Karjakin, Sergey"]
[Black "Sjugirov, Sanan"]
[Result "1/2-1/2"]
[WhiteElo "2785"]
[BlackElo "2625"]
[PlyCount "83"]
[EventDate "2012.??.??"]
[EventCountry "RUS"]
[TimeControl "40/5400+30:1800+30"]

1. e4 c6 2. d4 d5 3. e5 Bf5 4. Nf3 e6 5. Be2 Nd7 6. O-O Bg6 7. a4 Ne7 8. a5 Nf5
9. c4 dxc4 10. Bxc4 b6 11. axb6 Nxb6 12. Bd3 Be7 13. Nc3 O-O 14. g4 Nh4 15.
Nxh4 Bxd3 16. Qxd3 Bxh4 17. Qe4 Be7 18. f4 c5 19. dxc5 Bxc5+ 20. Kg2 Re8 21.
Rf3 Qh4 22. Rg3 Red8 23. Ra5 Rac8 24. Rxa7 Nd5 25. Rb7 Nxc3 26. bxc3 Rd1 27.
Be3 Bxe3 28. Qxe3 Rcd8 29. Rb2 h6 30. Qe2 Qe7 31. Rb8 Qd7 32. Rxd8+ Qxd8 33.
Kh3 Qd5 34. Qf3 Qd8 35. Qe4 Qd2 36. g5 hxg5 37. fxg5 g6 38. Qa8+ Kg7 39. Qf3
Kg8 40. Qa8+ Kg7 41. Qf3 Kg8 42. Qa8+ 1/2-1/2

[Event "65th ch-RUS Tiebreak"]
[Site "Moscow RUS"]
[Date "2012.08.13"]
[Round "2"]
[White "Alekseev, Evgeny"]
[Black "Andreikin, Dmitry"]
[Result "0-1"]
[WhiteElo "2677"]
[BlackElo "2700"]
[PlyCount "78"]
[EventDate "2012.08.13"]

1. e4 c5 2. Nf3 e6 3. d4 cxd4 4. Nxd4 a6 5. Bd3 Bc5 6. Nb3 Be7 7. Qg4 Bf6 8.
O-O Nc6 9. N1d2 Nge7 10. Qg3 O-O 11. Nc4 d5 12. e5 Nf5 13. Bxf5 Bh4 14. Bxh7+
Kxh7 15. Qd3+ Kg8 16. Nd6 Nxe5 17. Qh3 Bf6 18. Nxc8 Rxc8 19. c3 Rc4 20. f4 Ng6
21. Be3 Qc7 22. Nd2 Ra4 23. g3 d4 24. cxd4 Bxd4 25. Bxd4 Rxd4 26. Nf3 Rd3 27.
Ng5 Qc5+ 28. Rf2 Re8 29. Raf1 Nf8 30. Qh5 Re7 31. Qe2 Red7 32. Qe4 Qf5 33. Re2
Qc5+ 34. Ref2 Qb6 35. Kg2 R7d4 36. Qe1 g6 37. Nf3 Rd8 38. Qe4 Nh7 39. Qe5 Re3
0-1

[Event "65th ch-RUS Tiebreak"]
[Site "Moscow RUS"]
[Date "2012.08.13"]
[Round "3"]
[White "Svidler, Peter"]
[Black "Potkin, Vladimir"]
[Result "1/2-1/2"]
[WhiteElo "2749"]
[BlackElo "2646"]
[PlyCount "111"]
[EventDate "2012.08.13"]

1. Nf3 d5 2. g3 Nf6 3. Bg2 c6 4. d3 h6 5. O-O Bf5 6. Nfd2 e6 7. e4 Bh7 8. Qe2
Be7 9. f4 O-O 10. Nc3 Nbd7 11. Kh1 a5 12. a4 Qb6 13. g4 dxe4 14. dxe4 Qa6 15.
Qf3 Bb4 16. e5 Nd5 17. Nce4 f5 18. exf6 N7xf6 19. c3 Be7 20. Ng3 Qd3 21. g5
Qxf3 22. Rxf3 hxg5 23. fxg5 Ng4 24. Nde4 Rxf3 25. Bxf3 Ne5 26. Bg2 Rf8 27. b3
Nd3 28. Bd2 Nf2+ 29. Kg1 Nxe4 30. Nxe4 Nf4 31. Bf3 Nh3+ 32. Kg2 Bxe4 33. Bxe4
Nxg5 34. Bxg5 Bxg5 35. Rd1 Rd8 36. Rxd8+ Bxd8 37. Kf3 Kf7 38. Bd3 Kf6 39. Ke4
Bc7 40. h3 Be5 41. c4 Bc3 42. Be2 Ke7 43. Bg4 Kd6 44. Kd3 Bf6 45. Ke4 Kc5 46.
Kd3 Kb4 47. Kc2 e5 48. Bf5 Kc5 49. Kd3 Kb4 50. Kc2 b6 51. Be4 Kc5 52. Kd3 Bg5
53. Bf3 Bf4 54. Bg2 Kd6 55. Bf3 Kc5 56. Ke4 1/2-1/2